| 000 | 00842cam a22002535a 4500 | ||
|---|---|---|---|
| 999 |
_c27539 _d27510 |
||
| 005 | 20190624120215.0 | ||
| 008 | 150601t2015 nyua frb 001|0|eng|d | ||
| 020 | _a9781259253188 | ||
| 020 | _a125925318X | ||
| 040 |
_aStDuBDS _beng _cStDuBDS _dEG-ScBUE |
||
| 082 | 0 | 4 |
_a658.4034 _222 _bHIL |
| 100 | 1 |
_aHillier, Frederick S. _919456 |
|
| 245 | 1 | 0 |
_aIntroduction to operations research / _cFrederick S. Hillier, Gerald J. Lieberman. |
| 250 | _a10th ed., International student ed. | ||
| 260 |
_aNew York : _bMcGraw-Hill Education, _cc.2015. |
||
| 300 |
_axxx, 1010 p. : _bill. ; _c26 cm. |
||
| 500 | _aPrevious edition: 2010. | ||
| 504 | _aIncludes bibliographical references and index. | ||
| 650 | 7 |
_aOperations research. _2BUEsh |
|
| 651 | _2BUEsh | ||
| 653 |
_bGGEN _cJune2019 |
||
| 700 | 1 |
_aLieberman, Gerald J. _919458 |
|
| 942 | _2ddc | ||